[Event "Mlada Boleslav op"]
[Site "Mlada Boleslav"]
[Date "1992.??.??"]
[Round "8"]
[White "Fominyh, Alexander"]
[Black "Babula, Vlastimil"]
[Result "1/2-1/2"]
[WhiteElo "2530"]
[BlackElo "2380"]

1.d4 Nf6 2.Nf3 g6 3.c4 Bg7 4.g3 O-O 5.Bg2 d6 6.O-O Nc6 7.Nc3 a6 8.h3 Bd7
9.e4 e5 10.d5 Ne7 11.c5 Ne8 12.Qb3 Qc8 13.Kh2 dxc5 14.Bg5 f6 15.Be3 b6 16.Nd2 Nd6
17.f4 Kh8 18.g4 f5 19.g5 fxe4 20.Ncxe4 Nef5 21.Nf6 c4 22.Qc3 Nb5 23.Qxe5 Re8
24.Bf2 Rxe5 25.fxe5 c3 26.bxc3 Nxc3 27.Rfe1 Qd8 28.Nb3 Rc8 29.Nd4 Qe7 30.Rac1 Nxa2
31.Rc4 b5 32.Nxf5 Bxf5 33.Rh4 h5 34.gxh6 Bf8 35.Bg3 Be6 36.dxe6 c6 37.Ne4 Qxe6
38.Bf3 Rd8 39.Bg4 Qb3 40.e6 Be7 41.Be5+ Kh7 42.Bf6 Bxf6 43.Nxf6+ Kh8 44.Re2 Qb4
45.e7 Qf4+ 46.Kg2 Qxf6 47.e8=Q+ Rxe8 48.Rxe8+ Kh7 49.Kg3 Qd6+  1/2-1/2

[Event "Moscow ZSKS"]
[Site "Moscow"]
[Date "1992.??.??"]
[Round "?"]
[White "Zhelesny, Stanislav"]
[Black "Varavin, Viktor"]
[Result "0-1"]
[WhiteElo "2260"]
[BlackElo "2465"]

1.Nf3 Nf6 2.g3 d6 3.d4 g6 4.c4 Bg7 5.Bg2 O-O 6.O-O Nbd7 7.Nc3 e5 8.b3 Re8
9.Bb2 c6 10.e3 e4 11.Ng5 d5 12.cxd5 cxd5 13.f4 Nb8 14.Nh3 Ng4 15.Qd2 Nc6
16.Nf2 Nh6 17.Rac1 Nf5 18.Na4 Nfxd4 19.Rfd1 h5 20.Bc3 Nf3+ 21.Bxf3 exf3 22.Bxg7 Kxg7
23.Nc5 Qe7 24.Re1 Rd8 25.Qd1 Bf5 26.Qxf3 b6 27.Ncd3 Rac8 28.Qe2 f6 29.Qd2 Re8
30.b4 a5 31.a3 axb4 32.axb4 Na7 33.Rxc8 Nxc8 34.Nc1 Nd6 35.Qxd5 Ne4 36.Nxe4 Bxe4
37.Qd2 Rd8 38.Qb2 Bb7 39.e4 Bxe4 40.Qe2 f5 41.Nd3 Qd6 42.Nf2 Qxb4 43.Nxe4 Re8
44.Rc1 Rxe4 45.Qd1 Qe7 46.Qd2 Kh7 47.Rc8 h4 48.Qc3 Re1+ 49.Kg2 Qe2+ 50.Kh3 Qg4+
51.Kg2  0-1

[Event "Muenster"]
[Site "Muenster"]
[Date "1992.??.??"]
[Round "6"]
[White "Gauglitz, Gernot"]
[Black "Schaefer, Markus"]
[Result "1-0"]
[WhiteElo "2435"]
[BlackElo "2435"]

1.d4 Nf6 2.Nf3 g6 3.c4 Bg7 4.g3 O-O 5.Bg2 d6 6.O-O Nbd7 7.Nc3 e5 8.h3 c6
9.e4 Qb6 10.Re1 exd4 11.Nxd4 Re8 12.Re2 Ng4 13.Rd2 Nge5 14.b3 Nc5 15.Nde2 Bxh3
16.Bxh3 Nf3+ 17.Kg2 Nxd2 18.Bxd2 Nxe4 19.Nxe4 Rxe4 20.Nc3 Ree8 21.Rc1 Rad8
22.Bg5 f6 23.Bf4 f5 24.g4 Qa5 25.Qd3 fxg4 26.Bxg4 Rf8 27.Be3 Qe5 28.Ne2 d5
29.Rd1 Rfe8 30.Bf4 Qe7 31.Nd4 Qh4 32.Qf3 Bxd4 33.Rxd4 Qf6 34.Be3 Qxf3+ 35.Bxf3 dxc4
36.Rxc4 Re5 37.Rb4 Rd7 38.Bg4 Rde7 39.Bf3 h5 40.Bxa7 Rg5+ 41.Kf1 Rf5 42.Be4 Rfe5
43.Bd3 Ra5 44.Be3 Rxa2 45.Bxg6 Ra5 46.Rh4 Ree5 47.Bd3 b5 48.b4 Ra4 49.Bc2 Ra3
50.Be4 Rc3 51.Bf3 Rf5 52.Kg2 Rb3 53.Bxc6 Kf7 54.Bf3 Ke6 55.Bxh5 Ke5 56.Bd1 Ra3
57.Bc2  1-0

[Event "Munich op9192"]
[Site "Munich"]
[Date "1992.??.??"]
[Round "3"]
[White "Van Parreren, Hanneke"]
[Black "Zude, Erik"]
[Result "0-1"]
[WhiteElo "2140"]
[BlackElo "2300"]

1.d4 Nf6 2.c4 g6 3.Nf3 Bg7 4.g3 O-O 5.Bg2 d6 6.O-O Nc6 7.d5 Na5 8.Nfd2 c6
9.Nc3 Ng4 10.Qc2 cxd5 11.cxd5 Bf5 12.Nde4 Rc8 13.Qd1 a6 14.h3 Nf6 15.g4 Bd7
16.Rb1 Ne8 17.Be3 b5 18.b4 Nc4 19.Bd4 Bxd4 20.Qxd4 Qb6 21.Qxb6 Nxb6 22.Rbc1 Ng7
23.Nd2 f5 24.Bf3 Nc4 25.Ncb1 Ne5 26.g5 f4 27.Bg2 Nf5 28.Nb3 Nf7 29.Kh2 Nxg5
30.N1d2 Nh4 31.Nf3 Nhxf3+ 32.exf3 Nf7 33.Nd4 Ne5 34.Rfe1 Nf7 35.Bf1 Rxc1
36.Rxc1 Rc8 37.Rxc8+ Bxc8 38.Kg2 Bb7 39.Be2 Bxd5 40.a4 bxa4 41.Bxa6 a3  0-1

[Event "Munich op9192"]
[Site "Munich"]
[Date "1992.??.??"]
[Round "4"]
[White "Greenfeld, Alon"]
[Black "Reich, Thomas"]
[Result "1-0"]
[WhiteElo "2515"]
[BlackElo "2400"]

1.Nf3 Nf6 2.c4 g6 3.d4 Bg7 4.g3 d6 5.Bg2 O-O 6.O-O Nc6 7.Nc3 Bf5 8.d5 Na5
9.Nd2 Ne8 10.e4 Bd7 11.Qc2 c5 12.b3 b5 13.Bb2 bxc4 14.bxc4 Rb8 15.Nd1 Rb4
16.Bxg7 Nxg7 17.f4 e5 18.fxe5 dxe5 19.Nb2 f6 20.Nd3 Rb8 21.Nb3 Nxc4 22.Qxc4 Bb5
23.Qc3 c4 24.a4 Ba6 25.Nbc5 cxd3 26.Nxa6 Qb6+ 27.Nc5 Rfc8 28.Rac1 Rc7 29.d6 Rc6
30.a5 Qb5 31.d7 Ne6 32.Qb3 Qxb3 33.Nxb3 Rxc1 34.Nxc1 d2 35.Ne2 Kf7 36.Rd1 Rb2
37.Bh3 Nd8 38.Kf2 Ke7 39.Ke3 Nc6 40.Rxd2 Rxd2 41.Kxd2 Nxa5 42.Nc3 Nc4+ 43.Kd3 Nb6
44.Nb5 a5 45.Na7  1-0

[Event "Munich"]
[Site "Munich"]
[Date "1992.??.??"]
[Round "6"]
[White "Jussupow, Artur"]
[Black "Wahls, Matthias"]
[Result "1-0"]
[WhiteElo "2655"]
[BlackElo "2570"]

1.d4 Nf6 2.c4 g6 3.Nf3 Bg7 4.g3 O-O 5.Bg2 d6 6.O-O c6 7.Nc3 Bf5 8.Ne1 Be6
9.b3 Qd7 10.Bb2 Bh3 11.Nd3 Bxg2 12.Kxg2 d5 13.e3 Rd8 14.Rc1 Na6 15.Qf3 Nc7
16.h4 Nce8 17.Ne5 Qe6 18.Ne2 h5 19.Ba3 Bf8 20.Nf4 Qf5 21.Qe2 Nd7 22.cxd5 Nxe5
23.e4 Qg4 24.Qe3 g5 25.hxg5 Ng6 26.Nxg6 fxg6 27.dxc6 bxc6 28.Rxc6 Nd6 29.f3 Qd7
30.d5 Bg7 31.Rfc1 Rac8 32.Qe2 Qb7 33.Bxd6 exd6 34.Qc4 Rxc6 35.dxc6+ Qf7 36.b4 Rc8
37.f4 Bf8 38.b5 Be7 39.Qd5 Bd8 40.Qxd6 Qxa2+ 41.Kh3 Qf7 42.Rd1 Bb6 43.Qf6 Re8
44.Rd7 Qe6+ 45.f5 Qxf6 46.gxf6 Rxe4 47.fxg6 Rg4 48.Rb7  1-0

[Event "Munich op9192"]
[Site "Munich"]
[Date "1992.??.??"]
[Round "8"]
[White "Schlosser, Philipp"]
[Black "Wahls, Matthias"]
[Result "1/2-1/2"]
[WhiteElo "2485"]
[BlackElo "2560"]

1.d4 Nf6 2.Nf3 g6 3.c4 Bg7 4.g3 O-O 5.Bg2 d6 6.O-O Nc6 7.Nc3 Bf5 8.d5 Na5
9.Nd2 Ne8 10.e4 Bd7 11.Rb1 c6 12.Qe2 cxd5 13.Nxd5 e6 14.Ne3 Nc6 15.Nf3 Nf6
16.Qd3 Qb8 17.a3 Rd8 18.Rd1 Be8 19.Bd2 Nd7 20.Qc2 Nde5 21.Bc3 a6 22.Nd4 Qa7
23.Nxc6 Nxc6 24.Rd2 Nd4 25.Qd1 e5 26.b3 b5 27.Nc2 Nxc2 28.Qxc2 bxc4 29.bxc4 Qc7
30.Bf1 Bc6 31.Qd3 a5 32.Rdb2 Bh6 33.Rb6 Be8 34.Qd5 a4 35.Rb7 Qc6 36.R7b6 Qxd5
37.cxd5 f5 38.Bb4 Bf8 39.f3 Rac8 40.Bd3 fxe4 41.fxe4 h5 42.Kf2 Be7 43.Ke3 Bf8
44.Kd2 Rc7 45.Ba6 h4 46.g4 h3 47.Rg1 Rf7 48.Ke3 Be7 49.g5 Rh7 50.Be2 Rh4
51.Rg3 Kf8 52.Kd3 Bd7 53.Bd2 Rc8 54.Bd1 Ke8 55.Rf3 Bd8 56.Rxd6 Bb5+ 57.Ke3 Bxg5+
58.Kf2 Bxd2 59.Re6+ Kd8 60.Rf8+ Kc7 61.Rf7+ Kd8 62.Rf8+  1/2-1/2

[Event "Munich op9192"]
[Site "Munich"]
[Date "1992.??.??"]
[Round "9"]
[White "Van Parreren, Hanneke"]
[Black "Dirr, Ulrich"]
[Result "1-0"]
[WhiteElo "2140"]
[BlackElo "2270"]

1.d4 Nf6 2.c4 g6 3.Nf3 Bg7 4.g3 O-O 5.Bg2 d6 6.O-O Nc6 7.Nc3 a6 8.d5 Na5
9.Nd2 c5 10.Qc2 Rb8 11.b3 b5 12.Bb2 bxc4 13.bxc4 Bh6 14.f4 e6 15.dxe6 Bxe6
16.Nd5 Rxb2 17.Qxb2 Bg7 18.Qc2 Bxd5 19.cxd5 Ng4 20.Rab1 Ne3 21.Qd3 Nxf1 22.Bxf1 Qf6
23.e3 Qe7 24.Kf2 Re8 25.e4 f5 26.exf5 gxf5 27.Nf3 c4 28.Qxf5 h6 29.Re1 Qa7+
30.Kg2 Rxe1 31.Nxe1 Qc5 32.Qe6+ Kh7 33.Nc2 Qb6 34.Kh3 Qc7 35.Bg2 Qd8 36.Be4+ Kh8
37.Ne3 Qf6 38.Qe8+ Qf8 39.Qg6 Kg8 40.Nf5 Qf6 41.Nxh6+ Kf8 42.Qxf6+ Bxf6 43.Nf5 Nb7
44.Kg2 Nc5 45.Nxd6 Nxe4 46.Nxe4 c3 47.Nf2 c2 48.Nd3 Ke7 49.Kf3 Bb2 50.g4 c1=Q
51.Nxc1 Bxc1 52.g5 Kf7 53.h4 Ba3 54.h5  1-0

[Event "Munich"]
[Site "Munich"]
[Date "1992.??.??"]
[Round "11"]
[White "Hansen, Curt"]
[Black "Gelfand, Boris"]
[Result "1-0"]
[WhiteElo "2620"]
[BlackElo "2665"]

1.d4 Nf6 2.Nf3 g6 3.c4 Bg7 4.g3 O-O 5.Bg2 d6 6.O-O Nbd7 7.Nc3 e5 8.e4 exd4
9.Nxd4 Re8 10.h3 a6 11.Re1 Rb8 12.b3 c5 13.Nc2 b5 14.Qxd6 Bb7 15.Qd1 Ne5
16.Bf4 Nh5 17.Bxe5 Bxe5 18.Nd5 bxc4 19.bxc4 Bxd5 20.cxd5 Qf6 21.Rb1 Rxb1
22.Qxb1 Rb8 23.Qd1 Rb2 24.Rf1 c4 25.Ne3 Bd4 26.e5 Qb6 27.Qf3 c3 28.d6 c2
29.Kh2 Bxe5 30.Nc4 Qb5 31.Nxe5 Qxe5 32.Qa8+ Kg7 33.d7 c1=Q 34.Rxc1 Rxf2 35.d8=Q Qxg3+
36.Kh1 Qf4 37.Qf8+ Kf6 38.Qad8+  1-0

[Event "NOR-ch"]
[Site "?"]
[Date "1992.??.??"]
[Round "4"]
[White "Dannevig, Oystein"]
[Black "Gullaksen, Eirik T"]
[Result "0-1"]
[WhiteElo "2290"]
[BlackElo "2270"]

1.d4 Nf6 2.c4 g6 3.Nf3 Bg7 4.g3 O-O 5.Bg2 d6 6.O-O Nc6 7.d5 Na5 8.Nfd2 c5
9.Nc3 Rb8 10.Qc2 a6 11.b3 b5 12.Bb2 Bh6 13.f4 e5 14.dxe6 fxe6 15.Rad1 Qc7
16.e3 Bb7 17.Bxb7 Rxb7 18.Nce4 Ne8 19.Ba1 Nc6 20.Ng5 Bxg5 21.fxg5 Rf5 22.Rxf5 gxf5
23.g4 Ne7 24.Rf1 Qd7 25.Bf6 Ng7 26.h4 fxg4 27.Ne4 Nef5 28.Qe2 Qc6 29.Rf4 bxc4
30.Qxg4 cxb3 31.g6 h6 32.axb3 Qd5 33.Bc3 Qd3 34.Qf3 Qb1+ 35.Kh2 Qxb3 36.Nf6+ Kh8
37.Qc6 Rb8 38.Rb4 cxb4  0-1

[Event "Nordic zt"]
[Site "?"]
[Date "1992.??.??"]
[Round "4"]
[White "Hansen, Lars Bo"]
[Black "Olafsson, Helgi"]
[Result "1/2-1/2"]
[WhiteElo "2530"]
[BlackElo "2495"]

1.d4 Nf6 2.c4 g6 3.g3 Bg7 4.Bg2 O-O 5.Nf3 d6 6.O-O Nbd7 7.Nc3 e5 8.e4 c6
9.b3 Re8 10.h3 a6 11.dxe5 dxe5 12.Be3 Qe7 13.Qc2 b5 14.Rad1 Bb7 15.Ne1 b4
16.Na4 c5 17.Nd3 Rac8 18.f3 Rc6 19.Qf2 Rec8 20.h4 R8c7 21.Rd2 Bf8 22.Rfd1 a5
23.Bh3 h6 24.g4 Bc8 25.g5 hxg5 26.hxg5 Nh7 27.Qh4 Rd6 28.Nf2 Rd4 29.Bxd7 Bxd7
30.Nb6 Be6 31.Ng4 Bg7 32.Kg2 Qd8 33.Nd5 Bxd5 34.exd5 e4 35.f4 f5 36.Rh1 Rxd2+
37.Bxd2 Nf8 38.Ne5 Qd6 39.Qh2 a4 40.Be3 axb3 41.axb3 Ra7 42.Qg3 Ra2+ 43.Bf2 Nd7
44.Nc6 Nb8 45.Ne5 Nd7 46.Nc6 Nb8 47.Ne5 Nd7  1/2-1/2

[Event "Nordic zt"]
[Site "?"]
[Date "1992.??.??"]
[Round "4"]
[White "Yrjola, Jouni"]
[Black "Cramling, Pia"]
[Result "0-1"]
[WhiteElo "2460"]
[BlackElo "2530"]

1.d4 Nf6 2.Nf3 g6 3.c4 Bg7 4.g3 O-O 5.Bg2 d6 6.O-O Nbd7 7.Nc3 e5 8.e4 exd4
9.Nxd4 Re8 10.h3 a6 11.Nb3 Ne5 12.c5 dxc5 13.f4 Nd3 14.e5 Nh5 15.Rf3 c4 16.Na5 c5
17.Nxc4 Qd4+ 18.Kh2 Nxc1 19.Nd6 Qxd1 20.Nxd1 Rxe5 21.fxe5 Ne2 22.Re3 Nexg3
23.Nc3 Nf5 24.Ree1 Nf4 25.Rad1 Nxg2 26.Kxg2 Nxd6 27.exd6 Bd7 28.Kg3 Rd8 29.Ne4 Be5+
30.Kf2 Bd4+ 31.Kg3 Bc6 32.b3 f5 33.Ng5 Rxd6 34.Nf3 f4+ 35.Kg2  0-1

[Event "Nordic zt"]
[Site "?"]
[Date "1992.??.??"]
[Round "9"]
[White "Yrjola, Jouni"]
[Black "Manninen, Marko"]
[Result "1/2-1/2"]
[WhiteElo "2460"]
[BlackElo "2420"]

1.d4 Nf6 2.c4 g6 3.g3 Bg7 4.Bg2 O-O 5.Nf3 d6 6.Nc3 c5 7.b3 Nc6 8.Bb2 Bf5
9.O-O Ne4 10.e3 Nxc3 11.Bxc3 Be4 12.Qd2 cxd4 13.Nxd4 Bxg2  1/2-1/2

[Event "Norresundby op"]
[Site "Norresundby"]
[Date "1992.??.??"]
[Round "1"]
[White "Pigusov, Evgeny"]
[Black "Kjeldsen, Jens"]
[Result "1-0"]
[WhiteElo "2550"]
[BlackElo "2365"]

1.Nf3 Nf6 2.c4 g6 3.d4 Bg7 4.g3 O-O 5.Bg2 d6 6.O-O Nbd7 7.Nc3 e5 8.h3 c6
9.e4 Qb6 10.d5 Nc5 11.Qe2 Qa6 12.Rd1 cxd5 13.exd5 Bd7 14.Ne1 Nh5 15.Bd2 Rac8
16.Rdc1 f5 17.Rab1 e4 18.b4 Na4 19.Nxa4 Qxa4 20.Bc3 Bh6 21.Rc2 e3 22.Bd4 f4
23.g4 f3 24.Bxf3 Nf4 25.Qf1 exf2+ 26.Rxf2 Qa6 27.Rc2 Rf7 28.Kh2 Rcf8 29.Rf2 Bg5
30.Kg3 Rc8 31.h4 Bh6 32.Rc2 Rcf8 33.Rf2 Qa3 34.Rb3 Qc1 35.Bb2 Nh5+ 36.Kg2 Qf4
37.gxh5 Qxh4 38.Qh1 Qg5+ 39.Kf1 b5 40.hxg6 hxg6 41.c5 dxc5 42.bxc5 b4 43.Rxb4 Bc8
44.Qg2  1-0

[Event "Norresundby op"]
[Site "Norresundby"]
[Date "1992.??.??"]
[Round "3"]
[White "Jelling, Erik"]
[Black "Sorensen, Torben"]
[Result "1-0"]
[WhiteElo "2400"]
[BlackElo "2295"]

1.d4 Nf6 2.c4 g6 3.Nf3 Bg7 4.g3 O-O 5.Bg2 d6 6.O-O c5 7.d5 Na6 8.Nc3 Nc7
9.h3 a6 10.a4 Rb8 11.a5 b5 12.axb6 Rxb6 13.e4 e6 14.Re1 exd5 15.cxd5 Re8
16.e5 dxe5 17.Nxe5 Bb7 18.Nc6 Rxe1+ 19.Qxe1 Qa8 20.Qe7 Ncxd5 21.Nxd5 Rxc6
22.Bf4 Nh5 23.Qd7 Kh8 24.Re1  1-0

[Event "Norresundby op"]
[Site "Norresundby"]
[Date "1992.??.??"]
[Round "4"]
[White "McNab, Colin Anderson"]
[Black "Groszpeter, Attila"]
[Result "1/2-1/2"]
[WhiteElo "2475"]
[BlackElo "2495"]

1.Nf3 Nf6 2.c4 g6 3.g3 Bg7 4.Bg2 d6 5.d4 O-O 6.O-O Nbd7 7.Qc2 e5 8.Rd1 Qe7
9.Nc3 c6 10.d5 Nb6 11.Nd2 cxd5 12.cxd5 Bd7 13.a4 Rab8 14.Qb3 h5 15.Qb4 Nh7
16.a5 Nc8 17.Nc4 a6 18.b3 f5 19.Ba3 Rf6 20.Ra2 g5 21.Na4 Bf8 22.Nab6 Bb5
23.Rc2 Na7 24.Bb2 Be8 25.Rdc1 Rd8 26.Na3 Rf7 27.Rc4 g4 28.h4 gxh3 29.Bxh3 Bh6
30.Rc7 Qf6 31.R1c4 Ng5 32.Bg2 Nb5 33.Rc8 Rxc8 34.Rxc8 Rf8 35.f4 Nf7 36.Rxe8 Rxe8
37.Nxb5 axb5 38.Qxb5 Re7 39.Nd7 Qg6 40.Qxb7 Qxg3 41.Nf6+ Kg7 42.Nxh5+ Kg6
43.Qxe7 Qe1+ 44.Bf1 Bg5 45.fxg5 Nxg5 46.Nf4+ exf4 47.Qe8+ Kh6 48.Qh8+ Kg6
49.Qc3 Qd1 50.Qg7+ Kh5 51.Bf6 Nf3+ 52.Kg2 Qxe2+ 53.Bxe2  1/2-1/2

[Event "Norresundby op"]
[Site "Norresundby"]
[Date "1992.??.??"]
[Round "5"]
[White "Busch, Klaus"]
[Black "Sogaard, Soren"]
[Result "1-0"]
[WhiteElo "2420"]
[BlackElo "2315"]

1.Nf3 g6 2.d4 Bg7 3.g3 Nf6 4.c4 d6 5.Bg2 O-O 6.Nc3 c5 7.O-O Nc6 8.d5 Na5
9.Nd2 a6 10.Rb1 b5 11.cxb5 Rb8 12.bxa6 Bxa6 13.b3 Nd7 14.Qc2 Rb7 15.Re1 Qb8
16.a3 Rc8 17.Nd1 Bh6 18.f4 Bg7 19.e3 Rcc7 20.Nc3 Nf6 21.h3 Nd7 22.Kh2 Qf8
23.Bb2 Rb8 24.Na2 Bxb2 25.Rxb2 Qg7 26.Reb1 Rcb7 27.Nc3 h5 28.Bf3 Rb6 29.Nd1 h4
30.g4 Ne5 31.fxe5 Qxe5+ 32.Kh1 Qg3 33.Bg2 Qe1+ 34.Kh2 Nxb3 35.Nc3 Nxd2 36.Rxe1 Rxb2
37.Qd1 Nc4 38.Kh1 Rd2 39.Qf3 Ne5 40.Qf4 Nd3 41.Qh6 Nxe1 42.Ne4 Rd1 43.Kh2 Rb2
44.Ng5 Rxg2+ 45.Kh1 Nf3+ 46.Kxg2 Nxg5 47.Qxg5 Rd2+ 48.Kf3 c4 49.Qxe7 Rxd5
50.Qc7 Rd3 51.Qc6 Rxa3 52.Qxd6 Ra2 53.Kf4 Kg7 54.Qe5+ Kg8 55.Kg5 Kf8 56.Qd6+ Ke8
57.Kh6 Bc8 58.Kg7 Ra6 59.Qf8+ Kd7 60.Qxf7+ Kc6 61.Qxc4+ Kb7  1-0

[Event "Norresundby op"]
[Site "Norresundby"]
[Date "1992.??.??"]
[Round "6"]
[White "McNab, Colin Anderson"]
[Black "Kupreichik, Viktor D"]
[Result "0-1"]
[WhiteElo "2475"]
[BlackElo "2545"]

1.Nf3 Nf6 2.c4 g6 3.g3 Bg7 4.Bg2 d6 5.d4 O-O 6.O-O Nc6 7.Nc3 e5 8.d5 Ne7
9.c5 Ne8 10.cxd6 cxd6 11.a4 f5 12.Nd2 g5 13.Nc4 Ng6 14.Bd2 Rf7 15.Rc1 g4
16.Qb3 h5 17.Nb5 Bf8 18.Be3 b6 19.a5 bxa5 20.Ra1 f4 21.Bd2 Rb8 22.Qd3 f3
23.exf3 Bf5 24.Qe2 Rxb5 25.Ne3 Rxb2 26.Nxf5 gxf3 27.Bxf3 Rxf5 28.Be4 Qd7
29.Qd3 Ne7 30.Bxf5 Qxf5 31.Qxf5 Nxf5 32.Bxa5 Nd4 33.Kg2 Nc2 34.Rfb1 Ne3+
35.Kf3 Rxb1 36.Rxb1 Nxd5 37.Rb7 Ne7 38.Rxa7 Nc6 39.Ra8 Nxa5 40.Rxe8 Nc6 41.g4 Kf7
42.Rc8 Ne7 43.Rd8 hxg4+ 44.Kxg4 Ng6 45.Kf5 Be7 46.Ra8 Nh4+ 47.Kg4 Ke6 48.Ra4 Ng6
49.f3 Nf4 50.h4 Ng2 51.h5 Ne3+ 52.Kh3 Kf5 53.h6 Kg6 54.f4 exf4 55.Rxf4 Kxh6
56.Re4 Nd5 57.Rg4 Nf6 58.Rg3 d5 59.Re3 Bc5 60.Rc3 Ne4 61.Rb3 Kg5 62.Rf3 Bd6
63.Kg2 Nf6 64.Kf2 Bf4 65.Ke2 Kf5 66.Kd3 Ke5 67.Rh3 Nd7 68.Rh5+ Kd6 69.Kc3 Kc5
70.Rh7 Ne5 71.Rc7+ Kd6 72.Ra7 Be3 73.Ra6+ Kc5 74.Ra5+ Kc6 75.Kb3 Bb6 76.Ra8 d4
77.Rh8 Kd5 78.Rh4 Bd8 79.Rh8 Ba5 80.Rh4 Be1 81.Rh8 d3 82.Rd8+  0-1

[Event "Novi Sad"]
[Site "Novi Sad"]
[Date "1992.??.??"]
[Round "7"]
[White "Ninov, Kiril"]
[Black "Shuraev, Andrei"]
[Result "1/2-1/2"]
[WhiteElo "2395"]
[BlackElo "2370"]

1.Nf3 Nf6 2.c4 d6 3.d4 g6 4.g3 Bg7 5.Bg2 O-O 6.O-O c5 7.Nc3 Nc6 8.dxc5 dxc5
9.Be3 Be6 10.Qa4 Qb6 11.Qb5 Nd7 12.Ng5 Nd4 13.Qxb6 Nxb6 14.Nxe6 Nxe6 15.Bxb7 Rab8
16.Bd5 Nxd5 17.cxd5 Rxb2 18.dxe6 Bxc3 19.Bxc5 Rxe2 20.Rac1 Bb2 21.Rfe1 Rxe1+
22.Rxe1 Bf6 23.Rb1 a6 24.Rb7 fxe6 25.Bxe7 Bxe7 26.Rxe7 Rf3 27.Rxe6 Ra3 28.Re2 Kf7
29.Kg2 Kf6 30.f3 h5  1/2-1/2

[Event "Novi Sad"]
[Site "Novi Sad"]
[Date "1992.??.??"]
[Round "8"]
[White "Shuraev, Andrei"]
[Black "Rakic, Tomislav"]
[Result "1-0"]
[WhiteElo "2370"]
[BlackElo "2385"]

1.Nf3 g6 2.g3 Bg7 3.d4 Nf6 4.c4 O-O 5.Bg2 d6 6.O-O c6 7.Nc3 a5 8.e4 Na6 9.h3 Nc7
10.Be3 Nd7 11.Qd2 Re8 12.Rad1 e5 13.Qc2 Qe7 14.Rd2 Qf8 15.Rfd1 Bh6 16.Bxh6 Qxh6
17.Na4 Na6 18.dxe5 Nb4 19.Qd3 Nxa2 20.Qb3 Nb4 21.Rxd6 b5 22.cxb5 cxb5 23.e6 fxe6
24.Rxe6 Kf8 25.Rxe8+ Kxe8 26.Qe6+ Kf8  1-0

[Event "Olot op"]
[Site "Olot"]
[Date "1992.??.??"]
[Round "8"]
[White "Ninov, Kiril"]
[Black "Dimitrov, Vladimir"]
[Result "0-1"]
[WhiteElo "2395"]
[BlackElo "2405"]

1.Nf3 d6 2.d4 Nf6 3.g3 g6 4.Bg2 Bg7 5.c4 O-O 6.Nc3 Nbd7 7.O-O e5 8.h3 Re8
9.e4 exd4 10.Nxd4 Nc5 11.Re1 Bd7 12.Rb1 Qc8 13.Kh2 Re5 14.f4 Rh5 15.f5 Ng4+
16.Qxg4 Bxd4 17.Nd5 Qd8 18.Bf4 Be5 19.Rbd1 c6 20.b4 Nxe4 21.Bxe5 cxd5 22.Bxe4 dxe4
23.Rxd6 Qe7 24.Qf4 Rxf5 25.Bf6 Qf8 26.Rxd7 Rxf4 27.gxf4 Re8 28.c5 Qh6 29.Kg3 g5
30.fxg5 Qg6 31.Kf4 Qh5 32.Re3 Qh4+ 33.Kf5 Qf2+  0-1

[Event "RUS-ch"]
[Site "Orel"]
[Date "1992.??.??"]
[Round "?"]
[White "Tregubov, Pavel V"]
[Black "Shchekachev, Andrei"]
[Result "1/2-1/2"]
[WhiteElo "2385"]
[BlackElo "2465"]

1.d4 Nf6 2.c4 g6 3.Nf3 Bg7 4.g3 O-O 5.Bg2 d6 6.O-O Nbd7 7.Nc3 e5 8.e4 a6
9.Re1 Rb8 10.Bf1 c6 11.Rb1 exd4 12.Nxd4 Ng4 13.h3 Qb6 14.hxg4 Qxd4 15.Bf4 Qxd1
16.Rbxd1 Ne5 17.Be2 Be6 18.Rxd6 Bxc4 19.Bxc4 Nxc4 20.Rd7 Rbd8 21.Rxb7 Nxb2
22.e5 Nd3 23.Re3 h6 24.g5 Nxf4 25.gxf4 hxg5 26.fxg5 Rd4 27.Kf1 Rg4 28.e6 fxe6
29.Rxe6  1/2-1/2

[Event "Orel"]
[Site "Orel"]
[Date "1992.??.??"]
[Round "?"]
[White "Guliev, Sarhan"]
[Black "Beshukov, Sergei"]
[Result "1/2-1/2"]
[WhiteElo "2470"]
[BlackElo "2500"]

1.d4 Nf6 2.c4 g6 3.Nf3 Bg7 4.g3 O-O 5.Bg2 d6 6.O-O Nc6 7.d5 Na5 8.Nfd2 c5
9.Nc3 e6 10.Qc2 exd5 11.cxd5 Re8 12.e4 Bd7 13.b3 b5 14.Bb2 Rb8 15.Nd1 Rc8
16.Ne3 c4 17.bxc4 Nxc4 18.Ndxc4 bxc4 19.Bc3 Qe7 20.f3 Bh6 21.Nd1 Nh5 22.Rb1 Rc7
23.Re1 f5 24.Nf2 Qf7 25.f4 fxe4 26.Nxe4 Bf5 27.Qa4 Bxe4 28.Rxe4 Rxe4 29.Bxe4 Nf6
30.Bg2 Nxd5 31.Bd4 c3 32.Qb5 c2 33.Rc1 Ne7 34.a4 Bg7 35.Bxg7 Kxg7 36.Qb2+ Qf6
37.Rxc2 Rxc2 38.Qxc2 Qd4+ 39.Kf1 Nf5 40.Qe4 Qd1+ 41.Kf2 Qd2+ 42.Kg1 Qd1+
43.Kf2 Qd2+ 44.Kg1 Kf6 45.Bf1 Ne3 46.Qe8 Qe1 47.Qf8+ Ke6 48.Qc8+ Kd5 49.Qb7+ Kd4
50.Qxa7+ Ke4 51.Qb7+ d5 52.Qb5 Kf3 53.a5 Qf2+ 54.Kh1 Nxf1 55.Qxd5+ Kg4 56.Qg5+ Kf3
57.Qd5+ Kg4 58.Qg5+  1/2-1/2

[Event "Orel"]
[Site "Orel"]
[Date "1992.??.??"]
[Round "?"]
[White "Guliev, Sarhan"]
[Black "Zaitsev, Igor A"]
[Result "1-0"]
[WhiteElo "2470"]
[BlackElo "2445"]

1.d4 Nf6 2.c4 g6 3.Nf3 Bg7 4.g3 O-O 5.Bg2 d6 6.O-O Nc6 7.Nc3 e5 8.d5 Ne7
9.Bg5 h6 10.Bd2 Nh7 11.Qc1 g5 12.h4 f6 13.hxg5 fxg5 14.Ne4 Bf5 15.Nh2 Qd7
16.Bc3 Rf7 17.Qe3 b6 18.b3 a5 19.Qd2 Raf8 20.a3 g4 21.b4 Bxe4 22.Bxe4 Ng5
23.Bg2 axb4 24.axb4 e4 25.Bxg7 Rxg7 26.Qc2 Qf5 27.Ra7 Ng6 28.c5 bxc5 29.bxc5 dxc5
30.Qxc5 Rff7 31.Rb1 h5 32.Rb8+ Nf8 33.Ra5 Kh7 34.Re8 Nd7 35.Qd4 Nf6 36.Re5 Qg6
37.Nf1 Rd7 38.Nd2 Nh3+ 39.Kh2 Ng5 40.Nxe4 Ngxe4 41.Rxe4 h4 42.Rf4 hxg3+ 43.fxg3 Rd6
44.Ra8 Re7 45.e4 Qh5+ 46.Kg1 Qe5 47.Qc5 Nd7 48.Qf2 Rf6 49.Qd2 Nb6 50.Rf8 Nc4
51.Qf2 Rxf8 52.Rxf8 Kg7 53.Rf5 Qa1+ 54.Bf1 Kg6 55.Rf8 Nd6 56.Kg2 Nxe4 57.Bd3 Qe5
58.Rf4  1-0

[Event "Ostrava op"]
[Site "Ostrava"]
[Date "1992.??.??"]
[Round "2"]
[White "Bagaturov, Giorgi"]
[Black "Loeffler, Markus"]
[Result "1-0"]
[WhiteElo "2420"]
[BlackElo "2260"]

1.d4 Nf6 2.Nf3 g6 3.c4 Bg7 4.g3 O-O 5.Bg2 d6 6.O-O Nbd7 7.Nc3 e5 8.e4 h6
9.h3 Nh7 10.d5 a5 11.Be3 f5 12.Qd2 h5 13.exf5 gxf5 14.Bh6 Nc5 15.Bxg7 Kxg7
16.Qe2 f4 17.Nd2 Ng5 18.Kh2 Bf5 19.Rg1 Kh6 20.gxf4 exf4 21.Nf3 Bd3 22.Qd2 Nxf3+
23.Bxf3 Qh4 24.Rae1 Bf5 25.Bg2 Rg8 26.Ne2 Nd3 27.Nd4 Bg6 28.Re6 Kh7 29.Rxg6 Nxf2
30.Rh6+ Kxh6 31.Nf5+  1-0

[Event "Ostrava"]
[Site "Ostrava"]
[Date "1992.??.??"]
[Round "3"]
[White "Matlak, Marek"]
[Black "Rasik, Vitezslav"]
[Result "1/2-1/2"]
[WhiteElo "2420"]
[BlackElo "2385"]

1.d4 Nf6 2.Nf3 g6 3.c4 Bg7 4.g3 O-O 5.Bg2 d6 6.O-O Nc6 7.d5 Na5 8.Nfd2 c6
9.a3 cxd5 10.cxd5 Nd7 11.Ra2 Nb6 12.b4 Nac4 13.Nxc4 Nxc4 14.Nd2 Nb6 15.a4 e6
16.e4 exd5 17.a5 Nc4 18.exd5 Nxd2 19.Qxd2 Bf5 20.Bb2 Bxb2 21.Qxb2 Rc8 22.Raa1 Qd7  1/2-1/2

[Event "Ostrava op"]
[Site "Ostrava"]
[Date "1992.??.??"]
[Round "4"]
[White "Potomak, Vladimir"]
[Black "Stirenkov, Veniami"]
[Result "1/2-1/2"]
[WhiteElo "2290"]
[BlackElo "2440"]

1.c4 Nf6 2.d4 g6 3.g3 Bg7 4.Bg2 O-O 5.Nf3 d6 6.O-O Nc6 7.Nc3 a6 8.b3 Rb8
9.Bb2 b5 10.cxb5 axb5 11.d5 Na7 12.Nd4 b4 13.Na4 Bb7 14.e4 c6 15.Nxc6 Nxc6
16.dxc6 Bxc6 17.e5 Ne4 18.Qc2 Bxa4 19.Qxe4 Bb5 20.Rfd1 Qc8 21.Rdc1 Qf5 22.Qxb4 Bxe5
23.Bxe5  1/2-1/2

[Event "Ostrava op"]
[Site "Ostrava"]
[Date "1992.??.??"]
[Round "5"]
[White "Sideif Sade, Fikret I"]
[Black "Karlik, Vladimir"]
[Result "1-0"]
[WhiteElo "2445"]
[BlackElo "2290"]

1.d4 g6 2.Nf3 Bg7 3.c4 d6 4.g3 Nf6 5.Bg2 O-O 6.O-O Nbd7 7.Qc2 e5 8.Rd1 Qe7
9.dxe5 dxe5 10.e4 c6 11.h3 Nc5 12.Nc3 Re8 13.Be3 a5 14.a3 Bf8 15.Rab1 b6
16.b4 axb4 17.axb4 Na6 18.b5 Nb4 19.Qb3 c5 20.Nd2 Bd7 21.Ra1 h6 22.Bf1 Reb8
23.Ra4 Qe8 24.Rda1 Rxa4 25.Qxa4 Qc8 26.Kh2 Ne8 27.Nd5 Nxd5 28.cxd5 Nc7 29.Qb3 Qe8
30.Ra7 Bd6 31.Bxh6 Nxb5 32.Bxb5 Bxb5 33.Qf3 Bf8 34.Bxf8 Qxf8 35.Qf6 Qg7 36.Qd6 Qf8
37.Qxe5 c4 38.Rc7 Ra8 39.d6 Ra2  1-0

[Event "Ostrava"]
[Site "Ostrava"]
[Date "1992.??.??"]
[Round "7"]
[White "Matlak, Marek"]
[Black "Kveinys, Aloyzas"]
[Result "1/2-1/2"]
[WhiteElo "2420"]
[BlackElo "2545"]

1.d4 Nf6 2.Nf3 g6 3.c4 Bg7 4.g3 O-O 5.Bg2 d6 6.O-O Nbd7 7.Qc2 e5 8.Rd1 Re8
9.e4 exd4 10.Nxd4 Nc5 11.Nc3 a5 12.b3 c6 13.Bf4 Ng4 14.h3 Ne5 15.Be3 a4 16.Rab1 axb3
17.axb3 Na6 18.Na2 Nc5 19.Nc3 Na6 20.Na2 Nc5  1/2-1/2

[Event "Ostrava op"]
[Site "Ostrava"]
[Date "1992.??.??"]
[Round "7"]
[White "Sideif Sade, Fikret I"]
[Black "Bagaturov, Giorgi"]
[Result "1-0"]
[WhiteElo "2445"]
[BlackElo "2420"]

1.d4 Nf6 2.c4 g6 3.Nf3 Bg7 4.g3 O-O 5.Bg2 d6 6.O-O Nbd7 7.Qc2 e5 8.Rd1 Qe7
9.Nc3 c6 10.e4 Re8 11.d5 c5 12.Rb1 Rf8 13.a3 Nb6 14.Nd2 Bd7 15.b4 Rac8 16.a4 cxb4
17.Rxb4 Rc5 18.Qa2 Rb8 19.a5 Na8 20.Nb3 Rcc8 21.Be3 b6 22.h3 Be8 23.axb6 axb6
24.Ra1 Nd7 25.Qb2 f5 26.Ra7 Qf8 27.h4 f4 28.Bc1 Rc7 29.Ra2 Nc5 30.Nxc5 dxc5
31.Rb3 Rf7 32.Nb5 Bd7 33.Ra7 Bxb5 34.Rxf7 Qxf7 35.Rxb5 fxg3 36.fxg3 Qc7 37.Be3 Re8
38.Rb3 Qd6 39.Qa2 Bf8 40.Qa7 Rb8 41.Bh3 Qc7 42.Ra3 Bd6 43.Kg2 Qxa7 44.Rxa7 Nc7
45.Bd7 Kg7 46.Bc6 h6 47.Bd2 Kh7 48.Ra3 Kg7 49.Ra1 Kh7 50.Kh3 Kg7 51.Kg4 Rf8
52.Rb1 Rb8 53.Bc3 Kh7 54.h5 Kg7 55.hxg6 Kxg6 56.Rh1 Ne8 57.Bxe8+ Rxe8 58.Rh5 Re7
59.Rf5 Re8 60.Kf3 Kg7 61.Kg4 Kg6 62.Kf3  1-0